000 00716nam a2200289Ia 4500
005 20260324133355.0
008 008 260324s9999 xx 000 0 eng d
020 _a9780429232879
037 _aEBOOK
040 _aCRL
040 _beng
040 _cCRL
041 _2eng
041 _aeng
084 _qCRL
100 _aThepthida Sopraseuth; Jean-OIiver Hairault
_91192851
245 0 _aExchange Rate Dynamics
245 2 _bA New Open Economy Macroeconomics Perspectives
260 _bTaylor and Francis
260 _c2003
365 _a
365 _b290
856 _uhttp://www.taylorfrancis.com/books/9780429232879
942 _cEBOOK
999 _c1791824
_d1791824